Дело о службе состоявшего при санкт-петербургских театрах умершего канцеляриста Франца Бема, о пожаловании пенсии оставшейся пос...

Доступно только в Электронных читальных залах Найти на картеНа карте
RUSMARC
00006081nmc2a22000003x 450
001245d6fd1-7bcb-42a3-bd30-8f1257b9dc20
00520190715173240.0
100##$a20161111l18091876k l0rusy0189 ca
1010#$arus
102##$aRU
2001#$aДело о службе состоявшего при санкт-петербургских театрах умершего канцеляриста Франца Бема, о пожаловании пенсии оставшейся после него жене, вдове, с детьми и о смерти её
$j25 января 1809 г. - 3 июня 1876 г.
251##$cДело
300##$aДело
801#0$aRU
$bРГИА
$c20161111
$gRCR
801#1$aRU
$bГлавНИВЦ
$c20161111
$2rusmarc
801#2$aRU
$bПБ им. Б.Н. Ельцина
$c20180928
$gRCR
$2rusmarc
850##$aРГИА
852##$aРГИА
$eФедеральное казенное учреждение "Российский государственный исторический архив" (РГИА)
$j148
937##$hРГИА
$d12233966
$aASBIBLIO_SCAN
462#0$1001dd3991dc-24e1-42ec-8838-ca4255420416
$12001
$a1746-1850 гг.
$1251
$cОпись
$1852
$j1
461#0$10019264ebf8-de62-4f1a-9eb4-9f22098dbbd5
$12001
$aДирекция императорских театров МИДв
$1251
$cФонд
$1852
$j497
215##$a81 л.
$d36,5х26 см
371##$aДокумент не является опубликованным и широко распространяемым
105##$ay###
1222#$ad
035##$a245d6fd1-7bcb-42a3-bd30-8f1257b9dc20
856##$uhttp://readingroom.main.prlib.ru/item.aspx?id_node=n118720707&mode=full
600#1$2prlib_sh
$3LIBNET\UAF\0000083905
$aБем
$bФ.Л.
$gФранц Людвиг
$f1788-1846
$jДокументы и материалы
600#1$aНарышкин
$bА.Л.
$f1770-1826
$2prlib_sh
$3LIBNET\UAF\0000079349
$gАлександр Львович
$jДокументы и материалы
6061#$2nlr_sh1
$3RU\NLR\AUTH\661026250
$aСкрипачи австрийские
$z18 - 19 вв.
$jДокументы и материалы
6061#$aМузыканты
$2prlib_sh
$3LIBNET\UAF\0000083534
$xИстория
$yРоссия
$jДокументы и материалы
605##$2acquisition_Prlib
$3LIBNET\UAF\0000080478
$aГод театра в России
$lколлекция
605##$aРоссия в лицах
$lколлекция
$2acquisition_Prlib
$3DITM\AF\0000004166
60101$2prlib_sh
$3LIBNET\UAF\0000080151
$aРоссия
$bДирекция императорских театров
$xДеятельность
$jДокументы и материалы
686##$2rubbk
$a85.33
$vBC/M
686##$a63.3(2)52-7
$2rubbk
$vLBC/M
Формат отображения